TEXTBOOK OF INSTRUMENTAL METHODS OF ANALYSIS (Record no. 34149)

MARC details
000 -LEADER
fixed length control field 00300nam a22001337a 4500
003 - CONTROL NUMBER IDENTIFIER
control field SGT
020 ## - INTERNATIONAL STANDARD BOOK NUMBER
International Standard Book Number 9788119613380
082 ## - DEWEY DECIMAL CLASSIFICATION NUMBER
Classification number 543.19
Item number SIN
100 ## - MAIN ENTRY--PERSONAL NAME
Personal name SINGH REENA
245 ## - TITLE STATEMENT
Title TEXTBOOK OF INSTRUMENTAL METHODS OF ANALYSIS
260 ## - PUBLICATION, DISTRIBUTION, ETC. (IMPRINT)
Place of publication, distribution, etc INDIA
Name of publisher, distributor, etc IP
Year of Publication 2024
300 ## - PAGE DESCRIPTION
No. of Pages 158
942 ## - ADDED ENTRY ELEMENTS (KOHA)
Source of classification or shelving scheme Dewey Decimal Classification
Koha item type Books
Holdings
Withdrawn status Lost status Source of classification or shelving scheme Damaged status Not for loan Collection code Home library Current library Shelving location Date acquired Vendor Name Cost, normal purchase price SGTU Bill Number Total Checkouts Full call number Accession No. (Barcode) Date last seen Bill Date Koha item type
    Dewey Decimal Classification     SCIENCE SGT Science & Social Sciences Library SGT Science & Social Sciences Library Text Book 21/02/2026 INNOVATIVE PUBLICATION 395.00 SGTU IPI/2025/SU/INS338/2   543.19 SIN DP1711 21/02/2026 10/02/2026 Books
    Dewey Decimal Classification     SCIENCE SGT Science & Social Sciences Library SGT Science & Social Sciences Library Text Book 21/02/2026 INNOVATIVE PUBLICATION 395.00 SGTU IPI/2025/SU/INS338/2   543.19 SIN DP1712 21/02/2026 10/02/2026 Books